000 00751nam a2200205 a 4500
001 000040589
005 20201002034233.0
008 130902s1997 sp 000 0 spa d
020 _a847635259X
040 _aDO-SdBNP
_bspa
_cBNPHU
082 _aXXXX
_cxxx
100 1 _aCortés Rodríguez, Luis
_966919
245 1 0 _aComentario lingüístico de textos orales. :
_bII. el debate y la entrevista /
_cLuis Cortés Rodríguez; Antonio-M Bañón Hernández.
260 _aMadrid, :
_bArco,
_c1997.
300 _a77 pag. ;
_c22 cm.
490 1 _acuadernos de lengua española
500 _aincluye datos biográficos de los autores en la contracubierta
700 1 _aBañon Hernández, Antonio-M
_966920
830 0 _aCuadernos de lengua española
_966921
999 _c40079
_d40079